[Event "Stuttgart-chA int"]
[Site "Ditzingen"]
[Date "2010.05.14"]
[Round "3"]
[White "Schnepel, Thomas"]
[Black "Weiler, Dieter"]
[Result "1/2-1/2"]
[WhiteElo "1957"]
[BlackElo "2202"]
[PlyCount "148"]
[EventDate "2010.05.13"]
[EventType "swiss"]
[EventRounds "7"]
[EventCountry "GER"]
[SourceTitle "EXT 2018"]
[Source "ChessBase"]
[SourceDate "2017.10.13"]
[SourceVersion "1"]
[SourceVersionDate "2017.10.13"]
[SourceQuality "1"]

1. e4 c5 2. Nf3 Nc6 3. d4 cxd4 4. Nxd4 e6 5. Nc3 Qc7 6. Be3 a6 7. Qd2 Nf6 8. f3 b5 9. Bd3 Bb7 10. 0-0 Nxd4 11. Bxd4 Bc5 12. Qf2 Bxd4 13. Qxd4 e5 14. Qb4 d6 15. Kh1 Qc5 16. Qb3 0-0 17. Rad1 Rac8 18. f4 Ng4 19. Rd2 exf4 20. h3 Ne5 21. Rxf4 Qe3 22. Rdf2 Rc5 23. a4 Bc6 24. Kh2 g5 25. R4f3 Nxf3+ 26. Rxf3 Qd4 27. axb5 axb5 28. Kh1 Kg7 29. Qa2 Bd7 30. Qa7 Be6 31. Nxb5 Qxb2 32. Nxd6 Qe5 33. Nf5+ Kg8 34. Nh6+ Kg7 35. Nf5+ Kg8 36. Rg3 Rc7 37. Qe3 f6 38. Nd4 Ra8 39. h4 Ra1+ 40. Kh2 Rg7 41. Nf3 Qc7 42. e5 fxe5 43. Nxg5 Bd5 44. Bxh7+ Kh8 45. Be4 Bxe4 46. Qxe4 Qc5 47. Rf3 Qg1+ 48. Kh3 Qc5 49. Kh2 Qg1+ 50. Kg3 Qe1+ 51. Qxe1 Rxe1 52. Kf2 Rc1 53. Rf8+ Rg8 54. Nf7+ Kg7 55. Rxg8+ Kxg8 56. Nxe5 Rxc2+ 57. Kf3 Kg7 58. g4 Kf6 59. Nd3 Rc4 60. Nf2 Rc3+ 61. Kf4 Rc1 62. Ne4+ Kg6 63. Ng3 Rc4+ 64. Kf3 Rc3+ 65. Kf4 Rc4+ 66. Ne4 Rc1 67. Nd2 Rd1 68. Nf3 Rf1 69. Kg3 Kf6 70. Kg2 Ra1 71. Kg3 Ra3 72. g5+ Kf5 73. h5 Rxf3+ 74. Kxf3 Kxg5 1/2-1/2